000 00542nam a2200217Ia 4500
003 OSt
005 20220928141843.0
006 a|||||r|||| 00| 0
007 ta
008 220927b |||||||| |||| 00| 0 eng d
024 _a18084
037 _cTextual
040 _aSDCL
_cSDCL
_beng
041 _2eng
_aeng
082 _aO15:gx1,1:g, L5
100 _aTarlekar G H
_9423075
245 0 _aStudies in the natyasastra.
260 _c1975
942 _hO15:gx1,1:g, L5
_cTEXL
_2CC
999 _c820353
_d820353